[Event "Muensterland Verbandsliga 1011"]
[Site "Germany"]
[Date "2011.03.26"]
[Round "8.1"]
[White "Werner, Daniel"]
[Black "Fuest, Martin"]
[Result "1/2-1/2"]
[WhiteElo "2091"]
[BlackElo "2084"]
[PlyCount "90"]
[EventDate "2010.09.25"]
[EventType "team-tourn"]
[EventRounds "9"]
[EventCountry "GER"]
[SourceTitle "EXT 2012"]
[Source "ChessBase"]
[SourceDate "2011.11.24"]
[SourceVersion "1"]
[SourceVersionDate "2011.11.24"]
[SourceQuality "1"]
[WhiteTeam "Ostbevern Westbevern"]
[BlackTeam "Bocholt"]
[WhiteTeamCountry "GER"]
[BlackTeamCountry "GER"]

1. e4 d5 2. exd5 Qxd5 3. Nc3 Qd6 4. d4 Nf6 5. Bc4 c6 6. Nge2 Bf5 7. Bf4 Qb4 8. Bb3 e6 9. 0-0 Nbd7 10. Re1 Be7 11. Bc7 Bd8 12. a3 Qe7 13. Bf4 Nb6 14. Ng3 Bg6 15. Bg5 Qd7 16. Nce2 Bc7 17. Nf4 Bxf4 18. Bxf4 0-0 19. Be5 Qd8 20. c4 Re8 21. Qf3 Nfd7 22. Bd6 Qf6 23. Qxf6 Nxf6 24. Rad1 Red8 25. Be5 Rd7 26. Ne2 Rad8 27. f3 c5 28. dxc5 Rxd1 29. Rxd1 Rxd1+ 30. Bxd1 Nxc4 31. Bd4 e5 32. Bc3 Nd5 33. Bb3 Nxc3 34. Nxc3 Nxb2 35. Bd5 Nd3 36. Na4 Kf8 37. Bxb7 Ke7 38. Kf1 Kd7 39. c6+ Kc7 40. Nc3 Nf4 41. Nb5+ Kb6 42. Nd6 Ne6 43. Nc8+ Kc7 44. Nxa7 Nd4 45. a4 Kb8 1/2-1/2

[Event "GER-chT Universities"]
[Site "Augsburg"]
[Date "2010.10.10"]
[Round "6.1"]
[White "Werner, Daniel"]
[Black "Buehler, Florian"]
[Result "1-0"]
[WhiteElo "2091"]
[BlackElo "1989"]
[PlyCount "65"]
[EventDate "2010.10.06"]
[EventType "team-swiss"]
[EventRounds "6"]
[EventCountry "GER"]
[SourceTitle "EXT 2016"]
[Source "ChessBase"]
[SourceDate "2015.10.08"]
[SourceVersion "1"]
[SourceVersionDate "2015.10.08"]
[SourceQuality "1"]
[WhiteTeam "Muenster Uni"]
[BlackTeam "Augsburg Uni II"]
[WhiteTeamCountry "GER"]
[BlackTeamCountry "GER"]

1. e4 g6 2. d4 Bg7 3. Nc3 d6 4. Be3 Nc6 5. f4 Nh6 6. d5 Ng4 7. Bc1 Nb8 8. h3 Nf6 9. Nf3 0-0 10. Be3 c6 11. dxc6 Nxc6 12. Bc4 Qa5 13. 0-0 Qb4 14. Qd3 Qa5 15. a3 Qh5 16. Rae1 Bxh3 17. gxh3 Qxh3 18. Kf2 e5 19. Ke2 Nh5 20. f5 Ng3+ 21. Kd2 Nxf1+ 22. Rxf1 Rac8 23. Ng5 Qg2+ 24. Rf2 Qg3 25. Nxf7 Rc7 26. Ne2 Qh4 27. Ng5+ Kh8 28. Ne6 Rcc8 29. Rg2 Rfe8 30. Nxg7 Kxg7 31. Bg5 Qh1 32. f6+ Kh8 33. f7 1-0

[Event "Muensterland Verbandsliga 0910"]
[Site "Germany"]
[Date "2009.10.31"]
[Round "2.1"]
[White "Funke, Reinhard"]
[Black "Werner, Daniel"]
[Result "0-1"]
[WhiteElo "2054"]
[BlackElo "2124"]
[PlyCount "70"]
[EventDate "2009.09.26"]
[EventType "team-tourn"]
[EventRounds "9"]
[EventCountry "GER"]
[SourceTitle "EXT 2011"]
[Source "ChessBase"]
[SourceDate "2010.11.26"]
[SourceVersion "1"]
[SourceVersionDate "2010.11.26"]
[SourceQuality "1"]
[WhiteTeam "Suedlohn"]
[BlackTeam "Ostbevern Westbevern"]
[WhiteTeamCountry "GER"]
[BlackTeamCountry "GER"]

1. d4 Nf6 2. c4 e6 3. Nf3 b6 4. e3 Bb7 5. Bd3 Be7 6. Nc3 d5 7. Qc2 Nbd7 8. 0-0 c5 9. cxd5 exd5 10. Bd2 0-0 11. Ne5 cxd4 12. exd4 Nxe5 13. dxe5 Ne4 14. Rad1 Rc8 15. Qb1 Nxd2 16. Bxh7+ Kh8 17. Rxd2 g6 18. Bxg6 fxg6 19. Qxg6 Rc6 20. Qh5+ Kg7 21. Rxd5 Rg6 22. Qxg6+ Kxg6 23. Rxd8 Rxd8 24. Re1 Rd2 25. Re2 Rxe2 26. Nxe2 Kf5 27. g3 Kxe5 28. Kf1 Bf3 29. h4 a5 30. a3 b5 31. Nf4 Ke4 32. h5 Bg5 33. b4 axb4 34. axb4 Bxf4 35. gxf4 Bxh5 0-1

[Event "Muensterland Verbandsliga 0910"]
[Site "Germany"]
[Date "2009.09.26"]
[Round "1.1"]
[White "Werner, Daniel"]
[Black "Rebber, Christian"]
[Result "1-0"]
[WhiteElo "2124"]
[BlackElo "1982"]
[PlyCount "47"]
[EventDate "2009.09.26"]
[EventType "team-tourn"]
[EventRounds "9"]
[EventCountry "GER"]
[SourceTitle "EXT 2011"]
[Source "ChessBase"]
[SourceDate "2010.11.26"]
[SourceVersion "1"]
[SourceVersionDate "2010.11.26"]
[SourceQuality "1"]
[WhiteTeam "Ostbevern Westbevern"]
[BlackTeam "Ahaus Wessum"]
[WhiteTeamCountry "GER"]
[BlackTeamCountry "GER"]

1. e4 c5 2. Nf3 Nc6 3. d4 cxd4 4. Nxd4 Nf6 5. Nc3 d6 6. Be2 a6 7. Be3 e5 8. Nb3 Be6 9. Nd5 Bxd5 10. exd5 Ne7 11. c4 Nf5 12. Bg5 h6 13. Bd2 Ne4 14. Ba5 Qd7 15. Bg4 Nf6 16. Bh3 h5 17. f4 Ng4 18. Bxg4 hxg4 19. fxe5 Ng3 20. Rg1 Rxh2 21. e6 Qe7 22. Qxg4 Qh4 23. exf7+ Kxf7 24. Qe6# 1-0

[Event "GER-chT U20"]
[Site "Kelbra"]
[Date "2006.12.28"]
[Round "3.3"]
[White "Geshnizjani, Ramin Tobias"]
[Black "Werner, Daniel"]
[Result "1/2-1/2"]
[WhiteElo "2040"]
[BlackElo "2162"]
[PlyCount "80"]
[EventDate "2006.12.27"]
[EventType "team-swiss"]
[EventRounds "7"]
[EventCountry "GER"]
[SourceTitle "EXT 2008"]
[Source "ChessBase"]
[SourceDate "2007.11.25"]
[SourceVersion "1"]
[SourceVersionDate "2007.11.25"]
[SourceQuality "1"]
[WhiteTeam "Heilbronn U20"]
[BlackTeam "Ruedersdorf U20"]
[WhiteTeamCountry "GER"]
[BlackTeamCountry "GER"]

1. e4 c5 2. Nf3 d6 3. d4 cxd4 4. Nxd4 Nf6 5. Nc3 a6 6. Be2 e5 7. Nb3 Be7 8. 0-0 0-0 9. a4 Be6 10. Be3 Nbd7 11. f3 Nb6 12. a5 Nc4 13. Bxc4 Bxc4 14. Rf2 Qd7 15. Rd2 Qc6 16. Nc1 Rad8 17. Nd3 Be6 18. Nb4 Qc4 19. Nbd5 Nxd5 20. Nxd5 Bxd5 21. Rxd5 f5 22. b3 Qc6 23. Ra4 Rc8 24. Rc4 Qe8 25. Rxc8 Qxc8 26. c4 Qe6 27. Bd2 fxe4 28. fxe4 Qg6 29. Qe2 Bh4 30. g3 Be7 31. Rd3 h6 32. Rf3 h5 33. Rxf8+ Bxf8 34. Qf3 Be7 35. Kg2 Kh7 36. h3 Kg8 37. Kf2 Qf7 38. Qxf7+ Kxf7 39. Ke2 Ke6 40. Kd3 Kd7 1/2-1/2

[Event "GER-chT U20"]
[Site "Kelbra"]
[Date "2006.12.28"]
[Round "4.3"]
[White "Werner, Daniel"]
[Black "Fragin, Ilja"]
[Result "1-0"]
[WhiteElo "2162"]
[BlackElo "1991"]
[PlyCount "31"]
[EventDate "2006.12.27"]
[EventType "team-swiss"]
[EventRounds "7"]
[EventCountry "GER"]
[SourceTitle "EXT 2008"]
[Source "ChessBase"]
[SourceDate "2007.11.25"]
[SourceVersion "1"]
[SourceVersionDate "2007.11.25"]
[SourceQuality "1"]
[WhiteTeam "Ruedersdorf U20"]
[BlackTeam "Mainz Schott U20"]
[WhiteTeamCountry "GER"]
[BlackTeamCountry "GER"]

1. e4 Nf6 2. e5 Nd5 3. d4 d6 4. Nf3 Nc6 5. c4 Nb6 6. e6 fxe6 7. Nc3 d5 8. Ng5 Qd7 9. c5 Nc4 10. b3 N4a5 11. Bd3 g6 12. Qf3 Nd8 13. Bf4 Nac6 14. Qg3 Nf7 15. Nb5 e5 16. Ne6 1-0

[Event "GER-chT U20"]
[Site "Kelbra"]
[Date "2006.12.27"]
[Round "1.3"]
[White "Siebarth, Marco"]
[Black "Werner, Daniel"]
[Result "1/2-1/2"]
[WhiteElo "2020"]
[BlackElo "2162"]
[PlyCount "69"]
[EventDate "2006.12.27"]
[EventType "team-swiss"]
[EventRounds "7"]
[EventCountry "GER"]
[SourceTitle "EXT 2008"]
[Source "ChessBase"]
[SourceDate "2007.11.25"]
[SourceVersion "1"]
[SourceVersionDate "2007.11.25"]
[SourceQuality "1"]
[WhiteTeam "Stadtilm Blau Weiss U20"]
[BlackTeam "Ruedersdorf U20"]
[WhiteTeamCountry "GER"]
[BlackTeamCountry "GER"]

1. e4 c5 2. Nf3 d6 3. d4 cxd4 4. Nxd4 Nf6 5. Nc3 a6 6. Bc4 e6 7. Bb3 Nbd7 8. 0-0 Nc5 9. f3 Be7 10. Be3 Qc7 11. a4 b6 12. Qd2 Bb7 13. Ba2 Rc8 14. b4 Ncd7 15. Nce2 d5 16. exd5 Nxd5 17. Bxd5 Bxd5 18. Nf5 exf5 19. Qxd5 Bxb4 20. Qxf5 Qxc2 21. Rac1 Qxf5 22. Rxc8+ Ke7 23. Rxh8 Qe5 24. Kf2 Qxh2 25. Nf4 Qh4+ 26. Ke2 Nf6 27. Rd1 Bd6 28. Rd4 Qh2 29. Kf1 Qh1+ 30. Kf2 Bc5 31. Rd3 Qh4+ 32. Ke2 Bd6 33. Rd1 Qh2 34. Kf1 Qh1+ 35. Ke2 1/2-1/2

[Event "GER-chT U20"]
[Site "Berlin"]
[Date "2005.12.29"]
[Round "6.6"]
[White "Stiefel, Michael"]
[Black "Werner, Daniel"]
[Result "1/2-1/2"]
[WhiteElo "2057"]
[BlackElo "2167"]
[PlyCount "105"]
[EventDate "2005.12.27"]
[EventType "team-swiss"]
[EventRounds "7"]
[EventCountry "GER"]
[SourceTitle "EXT 2022"]
[Source "ChessBase"]
[SourceDate "2021.10.06"]
[SourceVersion "1"]
[SourceVersionDate "2021.10.06"]
[SourceQuality "1"]
[WhiteTeam "Baden-Baden U20"]
[BlackTeam "Ruedersdorf Glueckauf U20"]
[WhiteTeamCountry "GER"]
[BlackTeamCountry "GER"]

1. e4 c5 2. Ne2 d6 3. Nbc3 Nf6 4. g3 g6 5. Bg2 Bg7 6. 0-0 Nc6 7. d3 Rb8 8. f4 0-0 9. h3 Bd7 10. g4 Nd4 11. Be3 Ne8 12. Ng3 Bc6 13. f5 e6 14. Rb1 exf5 15. gxf5 Qh4 16. Nce2 Be5 17. Bf4 Ng7 18. Bxe5 dxe5 19. Nxd4 cxd4 20. Qg4 Qh6 21. h4 Kh8 22. Qg5 Qxg5 23. hxg5 Nh5 24. Nxh5 gxh5 25. Bf3 Rg8 26. Kf2 Rxg5 27. Rh1 Kg7 28. Rxh5 h6 29. Rbh1 Rxh5 30. Bxh5 Rc8 31. Ke1 Kf6 32. Rg1 Ba4 33. b3 Bd7 34. Kd2 a5 35. Bf3 a4 36. Bh5 Ra8 37. Bf3 a3 38. Bh5 Rh8 39. Ke2 Rh7 40. Kf3 Rg7 41. Rxg7 Kxg7 42. Kg4 Kf6 43. Kh4 b5 44. Bg4 Be8 45. Kh5 Kg7 46. Kh4 Bc6 47. Kh5 Be8 48. Kh4 Kh7 49. Kh5 Bd7 50. Kh4 b4 51. Kh5 f6 52. Kh4 Be8 53. Bh5 1/2-1/2

[Event "Jena Fair op"]
[Site "Jena"]
[Date "2005.10.19"]
[Round "3"]
[White "Werner, Daniel"]
[Black "Kwossek, Georg"]
[Result "0-1"]
[WhiteElo "2151"]
[BlackElo "2110"]
[PlyCount "50"]
[EventDate "2005.10.18"]
[EventType "swiss"]
[EventRounds "8"]
[EventCountry "GER"]
[SourceTitle "EXT 2006"]
[Source "ChessBase"]
[SourceDate "2005.11.24"]
[SourceVersion "1"]
[SourceVersionDate "2005.11.24"]
[SourceQuality "1"]

1. e4 d6 2. d4 Nf6 3. Nc3 Nbd7 4. Nf3 e5 5. dxe5 dxe5 6. Bg5 Be7 7. Bc4 0-0 8. 0-0 c6 9. h3 b5 10. Bd3 Qc7 11. Qe2 Nc5 12. Rad1 Ne6 13. Bd2 Nh5 14. Nh2 Nhf4 15. Qf3 Nd4 16. Qg3 b4 17. Rfe1 bxc3 18. Bxc3 Rd8 19. Nf3 Nde2+ 20. Rxe2 Rxd3 21. Red2 Ne2+ 22. Rxe2 Rxd1+ 23. Kh2 f6 24. Bd2 Ba6 25. Bh6 Bc5 0-1

[Event "Jena Fair op"]
[Site "Jena"]
[Date "2005.10.18"]
[Round "2"]
[White "Puschendorf, Steffen"]
[Black "Werner, Daniel"]
[Result "1/2-1/2"]
[WhiteElo "2163"]
[BlackElo "2151"]
[PlyCount "105"]
[EventDate "2005.10.18"]
[EventType "swiss"]
[EventRounds "8"]
[EventCountry "GER"]
[SourceTitle "EXT 2006"]
[Source "ChessBase"]
[SourceDate "2005.11.24"]
[SourceVersion "1"]
[SourceVersionDate "2005.11.24"]
[SourceQuality "1"]

1. d4 d5 2. Nf3 Nf6 3. g3 Bg4 4. Ne5 Bh5 5. Bg2 e6 6. 0-0 Nbd7 7. b3 c5 8. Bb2 cxd4 9. Nxd7 Qxd7 10. Bxd4 Be7 11. f3 0-0 12. Nd2 b6 13. Qc1 Rac8 14. Qb2 Bc5 15. Bxc5 Rxc5 16. c4 Rd8 17. Rfd1 Qc8 18. Rac1 dxc4 19. Nxc4 Rxd1+ 20. Rxd1 Rd5 21. Rxd5 Nxd5 22. Qd4 Qc7 23. Kf2 f6 24. f4 Bf7 25. a4 Qe7 26. e4 Nb4 27. Bf1 Nc6 28. Qd6 Be8 29. Qxe7 Nxe7 30. Nd6 Bd7 31. Ke3 Kf8 32. Bc4 Nc8 33. Nxc8 Bxc8 34. e5 Ke7 35. Kd4 Bb7 36. b4 Bc6 37. a5 Kd7 38. Bd3 h6 39. f5 Ke7 40. h4 exf5 41. Bxf5 fxe5+ 42. Kxe5 Bb7 43. axb6 axb6 44. Bd3 Bc6 45. Bc4 Bd7 46. Bd5 Bb5 47. Bf3 Bc4 48. Bd5 Bb5 49. Be4 Bc4 50. g4 Be6 51. Bf5 Bc4 52. g5 hxg5 53. hxg5 1/2-1/2

[Event "Berlin Unicorn op"]
[Site "Berlin"]
[Date "2004.05.23"]
[Round "7.19"]
[White "Poseck, Steffen"]
[Black "Werner, Daniel"]
[Result "1/2-1/2"]
[WhiteElo "2061"]
[BlackElo "2157"]
[PlyCount "87"]
[EventDate "2004.05.??"]
[EventType "swiss"]
[EventRounds "7"]
[EventCountry "GER"]
[SourceTitle "CBM 100 Extra"]
[Source "ChessBase"]
[SourceDate "2004.07.06"]
[SourceVersion "2"]
[SourceVersionDate "2004.07.06"]
[SourceQuality "1"]

1. c4 e5 2. Nc3 Nf6 3. g3 d5 4. cxd5 Nxd5 5. Bg2 Nb6 6. d3 Be7 7. f4 N8d7 8. Nf3 exf4 9. Bxf4 0-0 10. Nb5 Nd5 11. Bd2 N7f6 12. Nc3 Bg4 13. Qa4 Re8 14. Ne5 Bh5 15. Nxd5 Nxd5 16. Qb3 c6 17. Bf3 Bg5 18. Bxg5 Qxg5 19. d4 Bxf3 20. Nxf3 Qe7 21. 0-0 Qxe2 22. Rae1 Qb5 23. Qxb5 cxb5 24. Re5 Rxe5 25. dxe5 Rc8 26. Ng5 Ne3 27. Re1 Nc4 28. b3 Nb6 29. Ne4 a6 30. Nd6 Rc7 31. e6 fxe6 32. Rxe6 h6 33. Re8+ Kh7 34. Rb8 Rc1+ 35. Kf2 Rc6 36. Ne8 Rc2+ 37. Kf3 Rc3+ 38. Kf2 Nd5 39. Rxb7 Rc2+ 40. Kf3 Rxa2 41. Rd7 Nb4 42. Rxg7+ Kh8 43. Rg6 Kh7 44. Rg7+ 1/2-1/2

[Event "Berlin Unicorn op"]
[Site "Berlin"]
[Date "2004.05.22"]
[Round "5"]
[White "Werner, Daniel"]
[Black "Zoellner, Rainer"]
[Result "1-0"]
[WhiteElo "2157"]
[BlackElo "1884"]
[PlyCount "99"]
[EventDate "2004.05.??"]
[EventType "swiss"]
[EventRounds "7"]
[EventCountry "GER"]
[SourceTitle "CBM 100 Extra"]
[Source "ChessBase"]
[SourceDate "2004.07.06"]
[SourceVersion "2"]
[SourceVersionDate "2004.07.06"]
[SourceQuality "1"]

1. e4 e6 2. d4 d5 3. Nd2 Nf6 4. e5 Nfd7 5. Bd3 c5 6. c3 Nc6 7. Ne2 Qb6 8. Nf3 cxd4 9. cxd4 f6 10. exf6 Nxf6 11. 0-0 Bd6 12. Re1 0-0 13. a3 Bd7 14. Nc3 Rae8 15. b4 e5 16. dxe5 Nxe5 17. Be3 Nxf3+ 18. Qxf3 d4 19. Nd5 Bxh2+ 20. Kxh2 Qd6+ 21. Bf4 Qxd5 22. Qxd5+ Nxd5 23. Be5 Nf4 24. Bc4+ Ne6 25. Bxd4 Rf4 26. Rad1 a6 27. Bd5 Bc8 28. Be3 Rf5 29. g4 Rff8 30. Bc5 Rf6 31. Rd2 g5 32. Rde2 Kf7 33. Kg3 b5 34. Re5 h6 35. R1e3 Bd7 36. Rf5 Kg6 37. Rfe5 Nc7 38. Be4+ Kf7 39. Bd4 Rf4 40. Rf3 Rxf3+ 41. Bxf3 Ne6 42. Rf5+ Ke7 43. Bf6+ Kd6 44. Be5+ Ke7 45. Rf6 Rc8 46. Rxh6 Rc2 47. Rh7+ Kd8 48. Rh8+ Ke7 49. Ra8 Nc7 50. Ra7 1-0

[Event "Budapest FS06 IM"]
[Site "Budapest"]
[Date "2003.06.14"]
[Round "8"]
[White "Berczes, David"]
[Black "Werner, Daniel"]
[Result "1/2-1/2"]
[WhiteElo "2324"]
[BlackElo "2184"]
[PlyCount "49"]
[EventDate "2003.06.03"]
[EventType "tourn"]
[EventRounds "11"]
[EventCountry "HUN"]
[EventCategory "2"]
[SourceTitle "CBM 094 Extra"]
[Source "ChessBase"]
[SourceDate "2003.07.09"]
[SourceVersion "2"]
[SourceVersionDate "2003.07.09"]
[SourceQuality "1"]

1. d4 Nf6 2. Nf3 e6 3. c4 b6 4. g3 Bb7 5. Bg2 Be7 6. 0-0 0-0 7. Nc3 Ne4 8. Bd2 d5 9. cxd5 exd5 10. Rc1 Nd7 11. Bf4 c5 12. dxc5 Nxc3 13. Rxc3 bxc5 14. Ne1 Nb6 15. Nd3 Rc8 16. Be3 Nc4 17. Bc1 Ba8 18. Rc2 Nb6 19. e3 Bc6 20. Nf4 Qd6 21. Nxd5 Nxd5 22. Rd2 Bb5 23. Rxd5 Qa6 24. Re1 Qxa2 25. Qc2 1/2-1/2

[Event "Budapest FS06 IM"]
[Site "Budapest"]
[Date "2003.06.13"]
[Round "7"]
[White "Werner, Daniel"]
[Black "Banusz, Tamas"]
[Result "0-1"]
[WhiteElo "2184"]
[BlackElo "2259"]
[PlyCount "88"]
[EventDate "2003.06.03"]
[EventType "tourn"]
[EventRounds "11"]
[EventCountry "HUN"]
[EventCategory "2"]
[SourceTitle "CBM 094 Extra"]
[Source "ChessBase"]
[SourceDate "2003.07.09"]
[SourceVersion "2"]
[SourceVersionDate "2003.07.09"]
[SourceQuality "1"]

1. e4 c5 2. Nf3 Nc6 3. d4 cxd4 4. Nxd4 Nf6 5. Nc3 e5 6. Ndb5 d6 7. Bg5 a6 8. Na3 b5 9. Bxf6 gxf6 10. Nd5 Bg7 11. Bd3 Ne7 12. Nxe7 Qxe7 13. c3 f5 14. Nc2 Qb7 15. Qf3 0-0 16. Ne3 f4 17. Nd5 Be6 18. g4 b4 19. c4 Bxd5 20. cxd5 Bf6 21. 0-0 Bd8 22. Kh1 Bb6 23. Rfd1 Bd4 24. Rd2 Rfc8 25. Bf1 Kh8 26. g5 Rg8 27. h4 f6 28. gxf6 Qf7 29. Bh3 Qxf6 30. h5 Qh4 31. Rg1 Rxg1+ 32. Kxg1 Rg8+ 33. Kf1 Bxf2 34. Rxf2 Rg3 35. Bg2 Rxf3 36. Bxf3 Kg7 37. b3 Qd8 38. Kg2 Qc7 39. Kf1 Kf6 40. Kg2 Qc1 41. Re2 Qd1 42. Kf2 Kg5 43. Kg2 Kh4 44. Kh2 Qf1 0-1

[Event "Budapest FS06 IM"]
[Site "Budapest"]
[Date "2003.06.12"]
[Round "6"]
[White "Werner, Dimo"]
[Black "Werner, Daniel"]
[Result "1-0"]
[WhiteElo "2359"]
[BlackElo "2184"]
[PlyCount "34"]
[EventDate "2003.06.03"]
[EventType "tourn"]
[EventRounds "11"]
[EventCountry "HUN"]
[EventCategory "2"]
[SourceTitle "CBM 094 Extra"]
[Source "ChessBase"]
[SourceDate "2003.07.09"]
[SourceVersion "2"]
[SourceVersionDate "2003.07.09"]
[SourceQuality "1"]

1. Nf3 Nf6 2. g3 b6 3. Bg2 Bb7 4. 0-0 e6 5. d3 d5 6. Nbd2 Be7 7. e4 dxe4 8. dxe4 c5 9. Qe2 Nc6 10. Rd1 Qc7 11. Nc4 Ba6 12. e5 Nd5 13. Nd6+ Bxd6 14. Qxa6 Be7 15. c4 Ndb4 16. Qa4 a5 17. a3 Ra7 1-0

[Event "Budapest FS06 IM"]
[Site "Budapest"]
[Date "2003.06.11"]
[Round "5"]
[White "Werner, Daniel"]
[Black "Szeberenyi, Adam"]
[Result "0-1"]
[WhiteElo "2184"]
[BlackElo "2401"]
[PlyCount "120"]
[EventDate "2003.06.03"]
[EventType "tourn"]
[EventRounds "11"]
[EventCountry "HUN"]
[EventCategory "2"]
[SourceTitle "CBM 094 Extra"]
[Source "ChessBase"]
[SourceDate "2003.07.09"]
[SourceVersion "2"]
[SourceVersionDate "2003.07.09"]
[SourceQuality "1"]

1. e4 c5 2. Nf3 e6 3. d4 cxd4 4. Nxd4 a6 5. Bd3 Bc5 6. Nb3 Ba7 7. 0-0 Nc6 8. Nc3 d6 9. Qg4 Nf6 10. Qg3 b5 11. Bg5 Bb7 12. Kh1 h6 13. Bxf6 Qxf6 14. Qxd6 Rd8 15. Qc7 Rd7 16. Qg3 Ne5 17. Rad1 0-0 18. f4 Nxd3 19. Rxd3 Rxd3 20. Qxd3 Rd8 21. e5 Qh4 22. Qe2 b4 23. Ne4 Bxe4 24. Qxe4 Qf2 25. Qc4 Qb6 26. h3 a5 27. c3 a4 28. Nd4 a3 29. bxa3 bxc3 30. Nc6 Rd2 31. Qxc3 Rf2 32. Rc1 Qc7 33. Qd3 g6 34. Qd6 Qb7 35. Qd8+ Kh7 36. Qe7 Qxe7 37. Nxe7 Be3 38. Re1 Bxf4 39. Nc6 Rxa2 40. Rf1 g5 41. g3 Bxg3 42. Rxf7+ Kg6 43. Rf6+ Kh5 44. Rxe6 Rxa3 45. Nd4 Bf4 46. Nf5 Rxh3+ 47. Kg1 Kg4 48. Nxh6+ Kf3 49. Rf6 Rg3+ 50. Kf1 Rg2 51. Nf7 Rf2+ 52. Ke1 Re2+ 53. Kd1 Rd2+ 54. Kc1 Re2+ 55. Kb1 g4 56. e6 g3 57. Ng5+ Kg4 58. Nh7 g2 59. Rg6+ Kf3 60. Nf6 Rxe6 0-1

[Event "Budapest FS06 IM"]
[Site "Budapest"]
[Date "2003.06.09"]
[Round "3"]
[White "Pg, Mohd Omar Ak Hirawa"]
[Black "Werner, Daniel"]
[Result "1-0"]
[WhiteElo "2210"]
[BlackElo "2184"]
[PlyCount "64"]
[EventDate "2003.06.03"]
[EventType "tourn"]
[EventRounds "11"]
[EventCountry "HUN"]
[EventCategory "2"]
[SourceTitle "CBM 094 Extra"]
[Source "ChessBase"]
[SourceDate "2003.07.09"]
[SourceVersion "2"]
[SourceVersionDate "2003.07.09"]
[SourceQuality "1"]

1. e4 c5 2. Nf3 d6 3. d4 cxd4 4. Nxd4 Nf6 5. Nc3 a6 6. Bc4 e6 7. Bb3 Nbd7 8. f4 Nc5 9. Qf3 b5 10. f5 e5 11. Nde2 Bb7 12. Bg5 Bxe4 13. Nxe4 Ncxe4 14. Bxf6 Nxf6 15. Qc6+ Nd7 16. Qd5 Qa5+ 17. Nc3 Rc8 18. Qxf7+ Kd8 19. 0-0 Qb6+ 20. Kh1 Nf6 21. Rad1 Qc7 22. Qe6 Qd7 23. Qxd7+ Nxd7 24. Ne4 Kc7 25. Be6 Be7 26. c4 Rcd8 27. Nc3 Kc6 28. Nd5 Bf8 29. cxb5+ Kxb5 30. a4+ Kc6 31. Rc1+ Nc5 32. b4 Re8 1-0